La libertad de trabajo vigencia de un principio y derecho fundamental en el Per ︢/

Bibliographic Details
Main Author: Quiǫnes Infante, Sergio
Format: eBook
Language:Spanish
Published: Lima, Per ︢: Palestra Editores, 2007.
Subjects:
Online Access:Acceso restringido

MARC

LEADER 00000nam a2200000 4500
005 20120525140120.0
007 cr|||| ||||
008 100323s20079999pe s 000 0 spa d
020 |a 978-9972-224-62-1  
035 |a 4869 
040 |d BUS  |d vLex 
090 |c 3151  |d 3151 
100 1 |a Quiǫnes Infante, Sergio. 
245 1 3 |a La libertad de trabajo  |h [Recurso electrn̤ico] :  |b vigencia de un principio y derecho fundamental en el Per ︢/  |c Sergio Quiǫnes Infante. 
256 |a Servicio en ln̕ea. 
260 |a Lima, Per ︢:  |b Palestra Editores,  |c 2007. 
300 |a 1 recurso electrn̤ico 
500 |a Se analiza la formacin̤ histr̤ica y el significado actual, contenido y alcances de la libertad de trabajo. As ̕tambiň se revisa especialmente la labor de la OIT al supervisar casos referidos al trabajo forzoso u obligatorio en el Per.︢ 
506 0 |a Contenido solo disponible en los productos indicados  |d vLex Global   |d vLex Global (Academic Edition, excluding Law Schools)   |d vLex Global (U.S. Academic Edition, Law Schools)   |d vLex Global (U.S. Academic Edition, excluding Law Schools)   |d vLex Global (Academic Edition, Law Schools)  
650 0 4 |a Trabajo  |x Derecho  |z Per ︢  |z Lima  |x Publicaciones perid̤icas. 
650 0 4 |a Derecho al trabajo  |x Publicaciones perid̤icas. 
740 0 |a vLex Libros (Servicio en ln̕ea) 
856 4 0 |u http://vlex.com/source/libertad-trabajo-vigencia-principio-derecho-fundamental-peru-4869  |z Acceso restringido 
942 |c BOOK